[Event "IECG TE.2001.P.00609 email"]
[Site "IECG email"]
[Date "2001.03.20"]
[Round "?"]
[White "Baci, Vedran"]
[Black "Panicali, Francesco"]
[Result "0-1"]
[WhiteElo "1858"]
[BlackElo "800"]
[PlyCount "24"]
[EventDate "2001.03.20"]
[EventType "tourn (corr)"]
[EventRounds "12"]
[SourceTitle "Corr 2008"]
[Source "ChessBase"]
[SourceDate "2008.06.24"]
[SourceVersion "1"]
[SourceVersionDate "2008.06.24"]
[SourceQuality "1"]

1. e4 c5 2. d4 cxd4 3. c3 dxc3 4. Nxc3 Nc6 5. Nf3 g6 6. Bc4 Bg7 7. e5 Nh6 8. Bf4 Ng4 9. Qe2 Qa5 10. 0-0 Ngxe5 11. Nxe5 Bxe5 12. Bd2 d6 0-1

[Event "IECG TE.2001.P.00607 email"]
[Site "IECG email"]
[Date "2001.03.20"]
[Round "?"]
[White "Panicali, Francesco"]
[Black "Compagnone, Gaetano"]
[Result "1/2-1/2"]
[WhiteElo "800"]
[BlackElo "2121"]
[PlyCount "106"]
[EventDate "2001.03.20"]
[EventType "tourn (corr)"]
[EventRounds "12"]
[SourceTitle "Corr 2008"]
[Source "ChessBase"]
[SourceDate "2008.06.24"]
[SourceVersion "1"]
[SourceVersionDate "2008.06.24"]
[SourceQuality "1"]

1. e4 c5 2. d4 cxd4 3. c3 dxc3 4. Nxc3 Nc6 5. Nf3 e6 6. Bc4 Bc5 7. Bg5 Nge7 8. 0-0 f6 9. Bf4 e5 10. Bg3 d6 11. Na4 Nd4 12. Nxc5 dxc5 13. Nxd4 cxd4 14. Qb3 Nc6 15. Bf7+ Ke7 16. Bh5 g6 17. Be2 Qb6 18. Qxb6 axb6 19. a3 Rd8 20. Bd3 Be6 21. Rac1 Ra5 22. f3 Rc5 23. Rcd1 Bb3 24. Rd2 g5 25. h4 b5 26. hxg5 fxg5 27. Ra1 h5 28. Be2 h4 29. Be1 b4 30. axb4 Nxb4 31. Ra7 Rc7 32. Ra5 Nc6 33. Ra3 Be6 34. Rc2 Rdc8 35. Bd3 Kf6 36. Bd2 Ne7 37. Rxc7 Rxc7 38. Kf2 Ng6 39. Ba5 Rc8 40. Bd2 Nf4 41. Bxf4 gxf4 42. Ra7 b5 43. Ra6 b4 44. Ke1 b3 45. Kd2 Ke7 46. Ra7+ Kd6 47. Ra6+ Rc6 48. Ra4 Rc7 49. Ra8 Rg7 50. Bf1 Rg3 51. Ra6+ Ke7 52. Ra7+ Kf6 53. Ra6 Kf7 1/2-1/2

[Event "IECG CP.2000.P.00015"]
[Site "IECG email"]
[Date "2000.10.01"]
[Round "?"]
[White "Smilovici, Emil"]
[Black "Panicali, Francesco"]
[Result "1-0"]
[WhiteElo "1765"]
[BlackElo "800"]
[PlyCount "103"]
[EventDate "2000.10.01"]
[EventType "tourn (corr)"]
[EventRounds "6"]
[EventCountry "CAN"]
[SourceTitle "Corr 2008"]
[Source "ChessBase"]
[SourceDate "2008.06.24"]
[SourceVersion "1"]
[SourceVersionDate "2008.06.24"]
[SourceQuality "1"]

1. e4 c5 2. c3 Nf6 3. e5 Nd5 4. d4 cxd4 5. Nf3 Nc6 6. Bc4 e6 7. cxd4 d6 8. 0-0 Be7 9. Qe2 Qc7 10. Bxd5 exd5 11. Nc3 Be6 12. Nb5 Qd7 13. Bg5 dxe5 14. Bxe7 Qxe7 15. dxe5 0-0 16. Rad1 Rfd8 17. h3 Bf5 18. Nfd4 Bg6 19. f4 f6 20. f5 Bf7 21. e6 Be8 22. Qf2 Nxd4 23. Nxd4 Rac8 24. Rd3 Rc4 25. b3 Rc7 26. Rfd1 Qa3 27. Qd2 Rdc8 28. g4 b6 29. h4 Qc5 30. g5 Bh5 31. Re1 Rf8 32. b4 Qe7 33. a3 Rc4 34. Qg2 Rd8 35. Kh1 Be8 36. Rg1 Kh8 37. gxf6 Qxf6 38. Qg5 Rdc8 39. Qxf6 gxf6 40. Rgg3 a5 41. bxa5 bxa5 42. Kg2 a4 43. Rd2 Bh5 44. Nb5 Rxh4 45. Nd6 Rb8 46. Rh3 Rg4+ 47. Kf2 Be8 48. Nxe8 Rxe8 49. Rxd5 Rc8 50. Rd7 Rg7 51. Rhd3 Rgg8 52. Rf7 1-0

[Event "SEMI Sicilian Lasker theme email"]
[Site "SEMI email"]
[Date "1999.01.18"]
[Round "?"]
[White "Collazo, Fernando"]
[Black "Panicali, Francesco"]
[Result "1/2-1/2"]
[WhiteElo "2073"]
[BlackElo "2000"]
[PlyCount "57"]
[EventDate "1999.01.??"]
[EventType "tourn (corr)"]
[EventRounds "8"]
[EventCountry "ITA"]
[SourceTitle "Corr 2008"]
[Source "ChessBase"]
[SourceDate "2008.06.24"]
[SourceVersion "1"]
[SourceVersionDate "2008.06.24"]
[SourceQuality "1"]

1. e4 c5 2. Nf3 Nc6 3. d4 cxd4 4. Nxd4 Nf6 5. Nc3 e5 6. Ndb5 d6 7. Bg5 a6 8. Na3 b5 9. Bxf6 gxf6 10. Nd5 f5 11. c3 Bg7 12. exf5 Bxf5 13. Nc2 0-0 14. Nce3 Be6 15. Bd3 Ne7 16. Nxe7+ Qxe7 17. Qh5 h6 18. Be4 Rac8 19. 0-0 Rc5 20. Rad1 Rd8 21. Rd3 Qf6 22. Rfd1 Qf4 23. f3 Bf8 24. Nd5 Qg5 25. Qxg5+ hxg5 26. g4 a5 27. a3 Kg7 28. R1d2 a4 29. Kg2 1/2-1/2

[Event "SEMI Sicilian Lasker theme email"]
[Site "SEMI email"]
[Date "1999.01.18"]
[Round "?"]
[White "Panicali, Francesco"]
[Black "Bradley, Joseph"]
[Result "0-1"]
[WhiteElo "2000"]
[BlackElo "1881"]
[PlyCount "48"]
[EventDate "1999.01.??"]
[EventType "tourn (corr)"]
[EventRounds "8"]
[EventCountry "ITA"]
[SourceTitle "Corr 2008"]
[Source "ChessBase"]
[SourceDate "2008.06.24"]
[SourceVersion "1"]
[SourceVersionDate "2008.06.24"]
[SourceQuality "1"]

1. e4 c5 2. Nf3 Nc6 3. d4 cxd4 4. Nxd4 Nf6 5. Nc3 e5 6. Ndb5 d6 7. Bg5 a6 8. Na3 b5 9. Bxf6 gxf6 10. Nd5 f5 11. exf5 Bxf5 12. Qf3 Be6 13. Nf6+ Ke7 14. Nxh7 Rxh7 15. Qxc6 Qa5+ 16. c3 Rc8 17. Qf3 e4 18. Qxe4 Rxc3 19. Kd1 f5 20. Qe1 Rxa3 21. bxa3 Qa4+ 22. Ke2 Kd7 23. Qb4 Qc2+ 24. Ke1 Re7 0-1

[Event "SEMI Italia Scacchistica A email"]
[Site "SEMI email"]
[Date "1999.??.??"]
[Round "?"]
[White "Bonoldi, Fabio"]
[Black "Panicali, Francesco"]
[Result "1/2-1/2"]
[WhiteElo "2069"]
[BlackElo "2000"]
[PlyCount "57"]
[EventDate "1999.??.??"]
[EventType "tourn (corr)"]
[EventRounds "10"]
[EventCountry "ITA"]
[SourceTitle "Corr 2008"]
[Source "ChessBase"]
[SourceDate "2008.06.24"]
[SourceVersion "1"]
[SourceVersionDate "2008.06.24"]
[SourceQuality "1"]

1. d4 d5 2. c4 dxc4 3. Nf3 a6 4. e3 b5 5. a4 Bb7 6. b3 e6 7. bxc4 bxc4 8. Bxc4 Nd7 9. 0-0 Ngf6 10. Nbd2 c5 11. Ba3 Be7 12. Rb1 Ra7 13. Bb2 cxd4 14. Bxd4 Bc5 15. Nb3 Bxd4 16. Qxd4 Qa8 17. Nbd2 0-0 18. Rfc1 Rd8 19. Be2 Nf8 20. Qc3 Ng6 21. a5 Rc8 22. Qa3 Rxc1+ 23. Rxc1 Qd8 24. Qc5 Ra8 25. Rb1 Bd5 26. Qb6 Qc8 27. Bd3 Qc3 28. Bxa6 Nf8 29. Bb7 1/2-1/2

[Event "SEMI Italia Scacchistica A email"]
[Site "SEMI email"]
[Date "1999.??.??"]
[Round "?"]
[White "Panicali, Francesco"]
[Black "Benussi, Alberto"]
[Result "1/2-1/2"]
[WhiteElo "2000"]
[BlackElo "1906"]
[PlyCount "84"]
[EventDate "1999.??.??"]
[EventType "tourn (corr)"]
[EventRounds "10"]
[EventCountry "ITA"]
[SourceTitle "Corr 2008"]
[Source "ChessBase"]
[SourceDate "2008.06.24"]
[SourceVersion "1"]
[SourceVersionDate "2008.06.24"]
[SourceQuality "1"]

1. e4 e6 2. d4 d5 3. Nc3 Bb4 4. e5 c5 5. a3 Bxc3+ 6. bxc3 Ne7 7. Nf3 Qc7 8. a4 b6 9. Bb5+ Bd7 10. 0-0 Bxb5 11. axb5 0-0 12. c4 dxc4 13. dxc5 bxc5 14. Bg5 Nd5 15. Qe2 Nd7 16. Rfe1 c3 17. Reb1 Rfb8 18. Bc1 Rb6 19. Ra4 Rab8 20. Rb3 Nf8 21. Ba3 Ng6 22. h3 R6b7 23. Kh1 h6 24. Kg1 Nf8 25. Kf1 Nd7 26. Kg1 Kh8 27. Kh1 Nf8 28. Nh4 Rb6 29. Nf3 Nd7 30. Kg1 Kg8 31. Bc1 Rd8 32. Rba3 Rb7 33. Rb3 N7b6 34. Rg4 Kh8 35. Rh4 Nd7 36. Ra4 Nf8 37. Ba3 Rdb8 38. Ra6 Rb6 39. Ra4 R8b7 40. Bc1 Qb8 41. Ra5 Ng6 42. Ba3 Rc7 1/2-1/2

[Event "SEMI Italia Scacchistica A email"]
[Site "SEMI email"]
[Date "1999.??.??"]
[Round "?"]
[White "Panicali, Francesco"]
[Black "Capoccia, Angelo Antonio"]
[Result "0-1"]
[WhiteElo "2000"]
[BlackElo "1932"]
[PlyCount "116"]
[EventDate "1999.??.??"]
[EventType "tourn (corr)"]
[EventRounds "10"]
[EventCountry "ITA"]
[SourceTitle "Corr 2008"]
[Source "ChessBase"]
[SourceDate "2008.06.24"]
[SourceVersion "1"]
[SourceVersionDate "2008.06.24"]
[SourceQuality "1"]

1. e4 e6 2. d4 d5 3. Nc3 Nf6 4. Bg5 Bb4 5. e5 h6 6. Bd2 Bxc3 7. bxc3 Ne4 8. Bd3 Nxd2 9. Qxd2 c5 10. Nf3 Nc6 11. 0-0 Qa5 12. Rfd1 cxd4 13. cxd4 Qxd2 14. Rxd2 Bd7 15. Rb1 Na5 16. g3 Rc8 17. Re2 b6 18. Nd2 Ke7 19. Rb2 Rc7 20. Kg2 Rhc8 21. f4 Ba4 22. Ba6 Rxc2 23. Rb4 Bd7 24. Bxc8 Bxc8 25. Rf2 Rxa2 26. Nf3 Rxf2+ 27. Kxf2 Nc4 28. Rb1 a5 29. Ke2 Ba6 30. Kd1 b5 31. Ra1 b4 32. Kc2 Kd7 33. Nd2 Na3+ 34. Kb2 Kc6 35. Nb3 Nc4+ 36. Kc2 Kb6 37. Nc5 Bb5 38. Re1 a4 39. Ra1 Na3+ 40. Kd2 Bc6 41. g4 Nc4+ 42. Kc2 a3 43. Rb1 Ka5 44. Nb3+ Kb5 45. Nc1 Nb2 46. Rxb2 axb2 47. Nb3 Bd7 48. Nd2 Ka4 49. Kxb2 Bb5 50. Nb3 Be2 51. h3 Bf1 52. h4 Kb5 53. g5 hxg5 54. hxg5 g6 55. Nd2 Be2 56. Kc2 Ka4 57. Kb2 Bg4 58. Nb3 Bd1 0-1

[Event "SEMI Italia Scacchistica A email"]
[Site "SEMI email"]
[Date "1999.??.??"]
[Round "?"]
[White "Rozzoni, Davide"]
[Black "Panicali, Francesco"]
[Result "0-1"]
[WhiteElo "2124"]
[BlackElo "2000"]
[PlyCount "52"]
[EventDate "1999.??.??"]
[EventType "tourn (corr)"]
[EventRounds "10"]
[EventCountry "ITA"]
[SourceTitle "Corr 2008"]
[Source "ChessBase"]
[SourceDate "2008.06.24"]
[SourceVersion "1"]
[SourceVersionDate "2008.06.24"]
[SourceQuality "1"]

1. g4 d5 2. h3 e5 3. Bg2 c6 4. d3 Ne7 5. Nf3 Ng6 6. Nc3 Be7 7. e4 d4 8. Ne2 Be6 9. c3 c5 10. c4 a6 11. Ng3 0-0 12. Nf5 b5 13. b3 Nc6 14. 0-0 f6 15. Bd2 Rb8 16. cxb5 Rxb5 17. Qe2 Qd7 18. Rfc1 Rfb8 19. Ne1 a5 20. Nc2 a4 21. Na3 R5b7 22. Nxe7+ Qxe7 23. bxa4 Ra8 24. Nc4 Rxa4 25. Qd1 Rba7 26. Qb3 Qb7 0-1